Prueba de ingreso a las universidades, historia y geografía, ayuda memoria

Gespeichert in:
Bibliographische Detailangaben
1. Verfasser: Villalobos R., Sergio
Format: Buch
Sprache:Spanisch
Veröffentlicht: Universitaria. 1996.
Ausgabe:5ª ed.
Schlagworte:
Tags: Tag hinzufügen
Keine Tags, Fügen Sie den ersten Tag hinzu!

MARC

LEADER 00000nam a22000005a 4500
001 7709
003 CL-ChBUA
005 20120815103036.0
008 070301s1996 cl 000 0 spa
020 |a 9561107146 
040 |a CL-ChBUA  |c CL-ChBUA 
082 0 0 |a 900 
090 |c 7709  |d 7709 
100 1 |a Villalobos R., Sergio. 
245 1 0 |a Prueba de ingreso a las universidades, historia y geografía, ayuda memoria 
250 |a 5ª ed. 
260 |b Universitaria.  |c 1996. 
300 |a 141 p.  |a mapas.  |c 26 cm. 
504 |a Indice. 
650 4 |a HISTORIA Y GEOGRAFIA - PRUEBA APTITUD ACADEMICA. 
942 |c LIB 
952 |0 0  |1 0  |4 0  |7 0  |9 11453  |a UNACH  |b UNACH  |c 900  |d 2007-03-05  |i 31.312.  |l 0  |o 900 / V 714p.  |p 12452  |r 2026-03-23 20:05:24  |u 11453  |w 2012-08-08  |y LIB  |k 900 / V 714p. 
999 |c 7709  |d 7709